| 000 | 00548nam a22001577a 4500 | ||
|---|---|---|---|
| 999 |
_c535608 _d535608 |
||
| 020 | _qHard Cover. | ||
| 082 | _a624.1 | ||
| 100 | _aShah, Bilal Hussain | ||
| 245 |
_aFactors Affecting Construction Labor Productivity on Building Projects in Pakistan / _cBilal Hussain Shah. |
||
| 260 |
_aIslamabad: _bNIT NUST, _c2015. |
||
| 300 |
_a84 p. : _bill. ; _c30cm. |
||
| 942 |
_2ddc _cTHE |
||
| 650 |
_aConstruction Engineering and Management MS-Thesis. _917023 |
||
| 700 |
_aDr. Hamza Farooq _927180 |
||